00916nam a22002655a 450000500170000000800410001704000280005808200210008610000210010724500670012825000130019526000390020830000270024749000210027460000680029565000270036365000250039065000270041565100100044265300270045270000190047994200080049899900170050695201270052320171113152620.0171113s2005 ii gr 000 0deng d aEG-ScBUEbengcEG-ScBUE04a821.912bTIL2221 aTilak, Raghukul.10aDylan Thomas :bselect poems / cRaghukul Tilak, Anupam Gupta. a12th ed. aNew Delhi :bRama Brothers,c2005. aviii, 175 p. ;c20 cm.0 aStudies in poets17aThomas, Dylan,d1914-1953xCriticism and interpretation.2BUEsh 7aPoetry, Modern.2BUEsh 7aWelsh poetry.2BUEsh 7aEnglish poetry.2BUEsh 2BUEsh bHHUUEENNcNovember20171 aGupta, Anupam. 2ddc c25571d25543 00102ddc40708AlahramaMAINbMAINc2NDd2017-11-13ePurchaseg30.00l0o821.912 TILp000012196r2025-07-15 00:00:00yBB